| 000 | 01161cam0a220028900 4500 | ||
|---|---|---|---|
| 001 | lce01093812 | ||
| 008 | 791219s1980 enka b 001 0 eng | ||
| 010 | _a 79041487 | ||
| 015 | _aGB80 | ||
| 020 | _cL.24.00 | ||
| 035 | _a(Sirsi) r86964 | ||
| 035 | _a(DLC) 79041487 | ||
| 035 | _a(UPRA)lce01093812 | ||
| 050 | 0 |
_aQP551 _b.C77 1980 |
|
| 082 | _a547.7/5 | ||
| 100 | 1 |
_aCroft, L. R. _6A46362.1 |
|
| 245 | 1 | 0 |
_aHandbook of protein sequence analysis : _ba compilation of amino acid sequences of proteins with an introduction to the methodology / _cL. R. Croft. |
| 250 | _a2d ed. | ||
| 260 |
_aChichester [Eng.] ; New York : _aChichester [Eng.] ; New York : _bJ. Wiley, _cc1980. |
||
| 500 | _aFirst ed. published in 1973 under title: Handbook of protein sequences. | ||
| 500 | _a"A Wiley-Interscience publication." | ||
| 504 | _aIncludes bibliographical references and indexes. | ||
| 650 | 0 |
_aProteins -- Analysis -- Tables. _xProteins -- Analysis -- Tables. _xProteins -- Analysis -- Tables. _6S35746.1 |
|
| 650 | 0 |
_aAmino acids -- Tables. _xAmino acids -- Tables. _6S12289.1 |
|
| 949 |
_aQP551 _wlcc _i-121093 _mMAIN _tBOOK _lON-SHELF |
||
| 004 | 86964 | ||
| 999 |
_c95612 _d95612 |
||